Doce sainetes / (Record no. 184147)
[ view plain ]
| 000 -LEADER | |
|---|---|
| campo de control de longitud fija | 01055nam a2200241 i 4500 |
| 001 - NÚMERO DE CONTROL | |
| campo de control | 184147 |
| 003 - IDENTIFICADOR DE NÚMERO DE CONTROL | |
| campo de control | ES-MaACL |
| 005 - FECHA Y HORA DE LA ÚLTIMA TRANSACCIÓN | |
| campo de control | 20250522063051.0 |
| 008 - DATOS DE LONGITUD FIJA--INFORMACIÓN GENERAL | |
| campo de control de longitud fija | 150325s1972 sp |||| |dspa d |
| 080 ## - NÚMERO DE LA CLASIFICACIÓN DECIMAL UNIVERSAL | |
| Número de la Clasificación Decimal Universal | 821.134.2-223"17" |
| 100 1# - ENTRADA PRINCIPAL--NOMBRE DE PERSONA | |
| Nombre de persona | Cruz, Ramón de la, |
| Fechas asociadas al nombre | 1731-1794 |
| 9 (RLIN) | 41806 |
| 245 10 - MENCIÓN DEL TÍTULO | |
| Título | Doce sainetes / |
| Mención de responsabilidad, etc. | Ramón de la Cruz ; edición, prólogo y notas de José Francisco Gatti. |
| 260 ## - PUBLICACIÓN, DISTRIBUCIÓN, ETC. | |
| Lugar de publicación, distribución, etc. | Barcelona : |
| Nombre del editor, distribuidor, etc. | Labor, |
| Fecha de publicación, distribución, etc. | 1972. |
| 300 ## - DESCRIPCIÓN FÍSICA | |
| Extensión | 334 p. ; |
| Dimensiones | 18 cm. |
| 490 1# - MENCIÓN DE SERIE | |
| Mención de serie | Textos hispánicos modernos ; |
| Designación de volumen o secuencia | 17 |
| 504 ## - NOTA DE BIBLIOGRAFÍA, ETC. | |
| Nota de bibliografía, etc. | Bibliografía: p. 27-28. |
| 505 8# - NOTA DE CONTENIDO CON FORMATO | |
| Nota de contenido con formato | Contiene: El hospital de la moda ; El petimetre ; El teatro por dentro ; Manolo ; El Rastro por la mañana ; Las tertulias de Madrid ; De tres, ninguna ; El poeta aburrido ; La oposición a cortejo ; Los bandos de Lavapiés ; El marido discreto ; La Petra y la Juana |
| 599 ## - NOTA A LAS ILUSTRACIONES | |
| NOTA A LAS ILUSTRACIONES | Retr. del autor en contracub. |
| 700 1# - ENTRADA AGREGADA--NOMBRE PERSONAL | |
| Nombre de persona | Gatti, José Francisco. |
| 9 (RLIN) | 156617 |
| 830 1# - PUNTO DE ACCESO ADICIONAL DE SERIE-TÍTULO UNIFORME | |
| Título uniforme | Textos hispánicos modernos ; |
| Designación de volumen o secuencia | 17 |
| 9 (RLIN) | 181506 |
| 852 ## - LOCALIZACIÓN | |
| Ubicación | ES-MaACL |
| Número de control de estantería | E-15519 |
| Estatus retirado | Estado de pérdida | Estado de daño | No para préstamo | Biblioteca de origen | Biblioteca actual | Ubicación en estantería | Fecha de adquisición | Fuente de adquisición | Total de préstamos | Signatura topográfica completa | Código de barras | Visto por última vez | Precio de reemplazo | Tipo de ítem Koha |
|---|---|---|---|---|---|---|---|---|---|---|---|---|---|---|
| Biblioteca del Ateneo de Madrid | Biblioteca del Ateneo de Madrid | Depósito 2 | 25/03/2015 | E-15519 | 1193667 | 23/02/2023 | 23/02/2023 | Libro impreso |
